000 00561nam a2200193Ia 4500
005 20250508164837.0
008 008 250505s9999 xx 000 0 eng d
037 _aDissertations
040 _aFEDL
_beng
_cFEDL
041 _aeng
_2eng
084 _a371.9, KAM/DI
_qFEDL
100 _aKamal Kumar
245 0 _aStudy of attitudes of parents and teachers towards inclusive education
260 _c2009
300 _a126p.
546 _aM. Ed. Dissertation (Delhi University)
942 _cDIS
_h371.9, KAM/DI
999 _c1391533
_d1391533